Personnalités au hasard #18 - Statistiques

Statistiques générales
  • Ce quiz a été pris 326 fois
  • Le résultat moyen est 11 sur 32
Statistiques - réponses
Par images Réponse % Correct
Alain Chabat
82%
Gérard Darmon
78%
François Fillon
74%
Greta Thunberg
69%
Boris Johnson
62%
La Fouine
62%
Blaise Matuidi
60%
Géraldine Nakache
54%
Pedro Pascal
53%
Léa Seydoux
48%
Molière
48%
Chantal Goya
43%
Sabrina Carpenter
42%
Akhenaton
36%
Marion Game
34%
Évelyne Thomas
32%
Kelly Vedovelli
30%
Dinor
29%
Sigmund Freud
28%
Alice Belaïdi
25%
Aurore Bergé
24%
Léo Grasset
19%
Corinne Masiero
13%
Aurélie Konaté
12%
Gabriel Matzneff
12%
Maïa Mazaurette
9%
Salman Rushdie
9%
Melissa McCarthy
7%
Dominique Frot
4%
Sergio Leone
4%
Lilli Palmer
1%
Scott Morrison
1%
Aucun quiz correspondant
Distribution des résultats
% des personnes avec chaque résultat
Percentile par nombre de réponses
Votre historique - résultats
Vous n’avez pas pris ce quiz